L'Habitatge : manual de l'usuari / redacció a cura de: Agustí Borrell, Antoni Ubach manual de l'usuari / redacció a cura de:
Publicado:
[Barcelona] :
Generalitat de Catalunya, Servei de Publicacions del Departament de Política Territorial i Obres Públiques ,
1982
Descripción Física:
115 p. : il. ; 23 cm
Otros Autores:
Ubach i Nuet, Antoni
Materias:
Habitatges
MARC
| LEADER | 00000nam a2200000Ia 4500 | ||
|---|---|---|---|
| 001 | 566 | ||
| 008 | 160829s1982 xx 000 0 cat d | ||
| 080 | |a C-2-70 | ||
| 100 | |a Borrell, Agustí |9 26042 | ||
| 245 | |a L'Habitatge : |b manual de l'usuari / redacció a cura de: |b Agustí Borrell, Antoni Ubach | ||
| 260 | |a [Barcelona] : |b Generalitat de Catalunya, Servei de Publicacions del Departament de Política Territorial i Obres Públiques, |c 1982 | ||
| 300 | |a 115 p. : |b il. ; |c 23 cm | ||
| 590 | |a Abans del títol: Institut de Tecnologia de la Construcció de Catalunya. | ||
| 650 | 0 | |a Habitatges |9 26043 | |
| 700 | |a Ubach i Nuet, Antoni |9 26044 | ||
| 710 | |a Catalunya. |b Departament de Política Territorial i Obres Públiques |9 53042 | ||
| 901 | |a Arxiu | ||
| 942 | |n 1 | ||
| 952 | |0 0 |1 0 |4 0 |6 C270 |7 1 |9 43864 |a Arxiu |b Arxiu |d 2016-12-01 |l 0 |o C-2-70 |p 566 |r 2016-12-01 00:00:00 |w 2016-12-01 |y ARXIU | ||
| 999 | |c 46443 |d 46443 | ||